Труды. Вып.1 (Запись № 13481443)

Подробности
000 -МАРКЕР
контрольное поле 01633nam2a22002411 4500
001 - ИДЕНТИФИКАТОР ЗАПИСИ
контрольное поле RU\NLR\A1SV\58338
005 - ИДЕНТИФИКАТОР ВЕРСИИ
контрольное поле 20251203152403.2
035 ## - ДРУГИЕ СИСТЕМНЫЕ НОМЕРА
Идентификатор записи (NLR Aleph) 009740294
100 ## - ДАННЫЕ ОБЩЕЙ ОБРАБОТКИ
Данные общей обработки 20080409d1926 u y0rusy50 ca
101 0# - ЯЗЫК РЕСУРСА
Язык текста, звукозаписи и т.д. русский
200 0# - ЗАГЛАВИЕ И СВЕДЕНИЯ ОБ ОТВЕТСТВЕННОСТИ
Основное заглавие Вып.1
215 ## - ФИЗИЧЕСКАЯ ХАРАКТЕРИСТИКА
Специфическое обозначение материала и объем [4], VI, 62, [1] с., 2 л. ил.
327 1# - ПРИМЕЧАНИЯ О СОДЕРЖАНИИ
Текст примечания Владетельная выпись, данная сыщиком стольником Артемием Ивановичем Челищевым 29 ноября 1703 года на пахотные земли.../ С предисл. Ф.Стрельцова
-- Следственный материал о человеческих жертвоприношениях вотяками Муланского края с 16-го февраля по 28-е апреля 1896 г. / Ф.Стрельцов
-- Археологические памятники Вотского края
-- К материалу о бесермянах / С.Перевощиков
461 #1 - УРОВЕНЬ НАБОРА
Встроенное поле 001RU\NLR\A1SV\58337
-- 2000#$aТруды$e1926 г.$fНауч. о-во по изуч. Вотск. края$vВып.1
Системный номер (АБИС) связанной записи 9941343
Автор Научное общество по изучению Вотского края. Ижевск
Место публикации Ижевск
Дата публикации 1926
Первые сведения об ответственности Науч. о-во по изуч. Вотск. края
Имя издателя, распространителя и т.д. Науч. о-во по изуч. Вотск. края
Сведения, относящиеся к заглавию 1926 г.
Заглавие Труды
Номер тома Вып.1
702 #1 - ИМЯ ЛИЦА - ВТОРИЧНАЯ ОТВЕТСТВЕННОСТЬ
Начальный элемент ввода Стрельцов
Часть имени, кроме начального элемента ввода Ф.В.
Расширение инициалов личного имени Федор Васильевич
702 #1 - ИМЯ ЛИЦА - ВТОРИЧНАЯ ОТВЕТСТВЕННОСТЬ
Начальный элемент ввода Перевощиков
Часть имени, кроме начального элемента ввода С.
801 #0 - ИСТОЧНИК ЗАПИСИ
Страна Российская Федерация
Организация NLR
Дата составления 20080409
852 ## - МЕСТОНАХОЖДЕНИЕ И ШИФР ХРАНЕНИЯ
Идентификатор организации NLR
Шифр хранения (Call Number) 29/197-1-2
942 ## - ДОПОЛНИТЕЛЬНЫЕ ЭЛЕМЕНТЫ ЗАПИСИ (АБИС)
Тип экземпляра АБИС Книга
980 ## - КОЛЛЕКЦИЯ
Название коллекции Международный сводный каталог русской книги (1918-1926)
980 ## - КОЛЛЕКЦИЯ
Название коллекции Национальная библиография

Нет доступных экземпляров.